[Event "FIN-chT 2223"]
[Site "Finland"]
[Date "2022.10.16"]
[Round "4.4"]
[White "Ebeling, Mika"]
[Black "Sorsa, Nuutti"]
[Result "0-1"]
[WhiteElo "2253"]
[BlackElo "2186"]
[PlyCount "174"]
[EventDate "2022.09.24"]
[EventType "team-tourn"]
[EventRounds "11"]
[EventCountry "FIN"]
[SourceTitle "EXT 2024"]
[Source "ChessBase"]
[SourceDate "2023.10.10"]
[SourceVersion "1"]
[SourceVersionDate "2023.10.10"]
[SourceQuality "1"]
[WhiteTeam "Espoo MatSK"]
[BlackTeam "Turku TuTS"]
[WhiteTeamCountry "FIN"]
[BlackTeamCountry "FIN"]

1. e4 c5 2. Nf3 d6 3. d4 cxd4 4. Nxd4 Nf6 5. Nc3 Nc6 6. Bg5 Bd7 7. Qd2 h6 8. Bxf6 gxf6 9. 0-0-0 h5 10. Kb1 Bh6 11. Qe2 Nxd4 12. Rxd4 h4 13. g3 Bg7 14. Rg1 hxg3 15. Rxg3 Kf8 16. f4 Qa5 17. Rd5 Qb6 18. Rh5 Rxh5 19. Qxh5 Qf2 20. Bc4 Qe1+ 21. Nd1 e6 22. Qg4 Ke7 23. Rg1 Qb4 24. Bb3 Bh6 25. f5 Qd2 26. Nc3 Qxh2 27. Rf1 Bg5 28. Qf3 Rh8 29. fxe6 fxe6 30. e5 Qxe5 31. Qxb7 d5 32. Ba4 Qd6 33. Qxa7 Rh3 34. Rd1 Be3 35. Qb7 f5 36. a3 d4 37. Ne2 Rh4 38. Bxd7 Qxd7 39. Qg2 Kf7 40. Qg3 Qe7 41. Qe5 Qf6 42. Qc7+ Kg6 43. a4 f4 44. Rf1 e5 45. Qb7 Rh2 46. Ng3 Qe6 47. Qe4+ Kg5 48. Qf3 Qg4 49. Ne4+ Kh4 50. Qxg4+ Kxg4 51. a5 Rh8 52. Ka2 f3 53. b4 Kf4 54. Nc5 e4 55. Kb3 Bd2 56. Kc4 Rb8 57. b5 Bxa5 58. Ne6+ Ke3 59. Nxd4 Rc8+ 60. Nc6 Ke2 61. Ra1 Bb6 62. Kd5 e3 63. c4 f2 64. c5 Bxc5 65. Kxc5 f1Q 66. Rxf1 Kxf1 67. b6 e2 68. b7 Rh8 69. b8Q Rxb8 70. Nxb8 e1Q 71. Nc6 Ke2 72. Ne5 Ke3 73. Nc4+ Kd3 74. Nd6 Qe5+ 75. Kc6 Kd4 76. Nb5+ Kc4 77. Nd6+ Kb4 78. Nb7 Qe4+ 79. Kb6 Qg6+ 80. Kc7 Kb5 81. Nd6+ Kc5 82. Nb7+ Kd5 83. Na5 Qa6 84. Nb7 Qa7 85. Kc8 Kc6 86. Nd8+ Kb6 87. Ne6 Qe7 0-1

[Event "FIN-chT 1920"]
[Site "Finland"]
[Date "2019.10.19"]
[Round "3.5"]
[White "Paronen, Petteri"]
[Black "Ebeling, Mika"]
[Result "0-1"]
[WhiteElo "2017"]
[BlackElo "2266"]
[PlyCount "84"]
[EventDate "2019.09.14"]
[EventType "team-tourn"]
[EventRounds "11"]
[EventCountry "FIN"]
[SourceTitle "CBM 192 Extra"]
[Source "Chessbase"]
[SourceDate "2019.11.06"]
[SourceVersion "1"]
[SourceVersionDate "2019.11.06"]
[SourceQuality "1"]
[WhiteTeam "Kotka KymS"]
[BlackTeam "Espoo MatSK"]
[WhiteTeamCountry "FIN"]
[BlackTeamCountry "FIN"]

1. e4 e5 2. Nc3 Nf6 3. f4 d5 4. fxe5 Nxe4 5. Qf3 f5 6. d3 Nxc3 7. bxc3 d4 8. Qg3 Nc6 9. Be2 Qd5 10. Nf3 Be6 11. c4 Bb4+ 12. Kf2 Qd7 13. Rb1 0-0-0 14. Ng5 Bg8 15. Bf3 Bc3 16. h4 Re8 17. Bf4 Nd8 18. Rb3 c6 19. Rhb1 b6 20. h5 h6 21. e6 Bxe6 22. Rxb6 axb6 23. Rxb6 Qa7 24. Rb8+ Kd7 25. Nxe6 Be1+ 26. Kxe1 Rxe6+ 27. Kf1 g5 28. hxg6 Qxa2 29. Kg1 Rg8 30. g7 Qa1+ 31. Kh2 Qe1 32. Bxc6+ Kxc6 33. Qf3+ Kd7 34. Qd5+ Ke7 35. Bd6+ Kf7 36. Bf8 Qh4+ 37. Kg1 Qe1+ 38. Kh2 Kg6 39. Qxd8 Qe5+ 40. Kh3 Qe3+ 41. g3 Qf3 42. Rb6 Qh1# 0-1

[Event "FIN-chT 1920"]
[Site "Finland"]
[Date "2019.09.14"]
[Round "1.3"]
[White "Aalto, Patrik"]
[Black "Ebeling, Mika"]
[Result "0-1"]
[WhiteElo "2104"]
[BlackElo "2266"]
[PlyCount "114"]
[EventDate "2019.09.14"]
[EventType "team-tourn"]
[EventRounds "11"]
[EventCountry "FIN"]
[SourceTitle "EXT 2020"]
[Source "ChessBase"]
[SourceDate "2019.10.17"]
[SourceVersion "1"]
[SourceVersionDate "2019.10.17"]
[SourceQuality "1"]
[WhiteTeam "Espoo MatSK II"]
[BlackTeam "Espoo MatSK"]
[WhiteTeamCountry "FIN"]
[BlackTeamCountry "FIN"]

1. e4 e5 2. Nf3 Nc6 3. Bc4 Nf6 4. d3 Be7 5. 0-0 0-0 6. Re1 d6 7. a4 Be6 8. a5 a6 9. Nc3 Nd4 10. Nxd4 exd4 11. Nd5 Nxd5 12. exd5 Bd7 13. Qh5 Bf6 14. Bd2 g6 15. Qf3 Bg7 16. Re2 h5 17. h3 Qf6 18. Qxf6 Bxf6 19. Rae1 Rfe8 20. Rxe8+ Rxe8 21. Re4 Re7 22. c3 Kf8 23. cxd4 Rxe4 24. dxe4 Bxd4 25. b4 Ke7 26. Kf1 f6 27. f4 f5 28. exf5 Bxf5 29. Ke2 Be4 30. g4 Bg2 31. gxh5 gxh5 32. h4 Be4 33. Be1 Kf6 34. Kd2 Kf5 35. Be2 Kxf4 36. Bxh5 Bxd5 37. Be2 Be3+ 38. Kc3 Bf3 39. Bd3 Bh5 40. b5 axb5 41. Bxb5 Bf3 42. Be8 d5 43. h5 d4+ 44. Kd3 Be4+ 45. Kc4 Kg5 46. Bg6 Bxg6 47. hxg6 Kxg6 48. Bg3 Kf5 49. Bxc7 Ke4 50. Bd6 Bd2 51. Bc5 d3 52. Ba3 Bxa5 53. Kb3 Ke3 54. Bc1+ Bd2 55. Bb2 b5 56. Ba3 Ke2 57. Be7 Ba5 0-1

[Event "FIN-chT 1819"]
[Site "Finland"]
[Date "2019.04.07"]
[Round "11.7"]
[White "Pohjala, Henri"]
[Black "Ebeling, Mika"]
[Result "1/2-1/2"]
[WhiteElo "2357"]
[BlackElo "2237"]
[PlyCount "78"]
[EventDate "2018.09.15"]
[EventType "team-tourn"]
[EventRounds "11"]
[EventCountry "FIN"]
[SourceTitle "CBM 189 Extra"]
[Source "ChessBase"]
[SourceDate "2019.06.03"]
[SourceVersion "1"]
[SourceVersionDate "2019.06.03"]
[SourceQuality "1"]
[WhiteTeam "Tampere Tammer"]
[BlackTeam "Espoo MatSK"]
[WhiteTeamCountry "FIN"]
[BlackTeamCountry "FIN"]

1. d4 Nf6 2. Nf3 e6 3. g3 d5 4. Bg2 Bd6 5. 0-0 Nbd7 6. c4 c6 7. Qc2 0-0 8. Nbd2 h6 9. b3 Re8 10. Bb2 e5 11. dxe5 Nxe5 12. cxd5 cxd5 13. Bxe5 Bxe5 14. Nxe5 Rxe5 15. Nf3 Re7 16. Rac1 Bg4 17. Qb2 Rc8 18. Rxc8 Qxc8 19. Rc1 Rc7 20. Rxc7 Qxc7 21. e3 a5 22. Nd4 Qc5 23. Qc2 Qb4 24. Qc1 Bd7 25. f3 h5 26. h4 Qd6 27. Kf2 Ne8 28. Qd2 b6 29. Ne2 g6 30. Nf4 Be6 31. Bf1 Qc5 32. Nd3 Qa3 33. Qb2 Qd6 34. Nf4 Ng7 35. Qd2 Qc5 36. Nd3 Qa3 37. Nf4 Qc5 38. Nd3 Qa3 39. Nf4 Qc5 1/2-1/2

[Event "FIN-chT 1819"]
[Site "Finland"]
[Date "2019.02.10"]
[Round "8.7"]
[White "Kosmo, Santul"]
[Black "Ebeling, Mika"]
[Result "1-0"]
[WhiteElo "2197"]
[BlackElo "2237"]
[PlyCount "115"]
[EventDate "2018.09.15"]
[EventType "team-tourn"]
[EventRounds "11"]
[EventCountry "FIN"]
[SourceTitle "EXT 2021"]
[Source "ChessBase"]
[SourceDate "2020.10.23"]
[SourceVersion "1"]
[SourceVersionDate "2020.10.23"]
[SourceQuality "1"]
[WhiteTeam "Helsinki Comeon"]
[BlackTeam "Espoo MatSK"]
[WhiteTeamCountry "FIN"]
[BlackTeamCountry "FIN"]

1. e4 e5 2. f4 exf4 3. Nf3 g5 4. h4 g4 5. Ne5 Qe7 6. d4 d6 7. Nxg4 Qxe4+ 8. Qe2 Qe7 9. Qxe7+ Bxe7 10. Be2 h5 11. Nf2 Nc6 12. c3 Bd7 13. Bxf4 0-0-0 14. Na3 Re8 15. Kd2 Nf6 16. Bf3 Ng4 17. Nd3 Bf5 18. Raf1 Bg6 19. Nc4 f5 20. Ne3 Nf6 21. Bg5 Ne4+ 22. Bxe4 fxe4 23. Nf4 Bf7 24. Ned5 Bxg5 25. hxg5 Bxd5 26. Nxd5 Reg8 27. Rf5 Rg7 28. Ke3 Nd8 29. Nf4 h4 30. g6 c6 31. c4 Rh6 32. d5 Rhxg6 33. Nxg6 Rxg6 34. Rh2 Rg7 35. Kxe4 Nf7 36. Rxh4 Ne5 37. Rxe5 dxe5 38. g4 Rg5 39. Kf3 cxd5 40. cxd5 Kc7 41. Rh5 e4+ 42. Kf4 Rg7 43. Re5 Kd6 44. Rxe4 Kxd5 45. Re2 Rf7+ 46. Kg5 b5 47. Kg6 Rf1 48. g5 a5 49. Kh7 Rh1+ 50. Kg7 a4 51. g6 b4 52. Kf7 Rf1+ 53. Kg8 b3 54. axb3 axb3 55. g7 Rc1 56. Re8 Rc2 57. Kf8 Rf2+ 58. Ke7 1-0

[Event "FIN-chT 1819"]
[Site "Finland"]
[Date "2018.12.09"]
[Round "6.4"]
[White "Vakeva, Jani"]
[Black "Ebeling, Mika"]
[Result "1/2-1/2"]
[WhiteElo "2161"]
[BlackElo "2237"]
[PlyCount "119"]
[EventDate "2018.09.15"]
[EventType "team-tourn"]
[EventRounds "11"]
[EventCountry "FIN"]
[SourceTitle "CBM 187 Extra"]
[Source "ChessBase"]
[SourceDate "2018.11.04"]
[SourceVersion "1"]
[SourceVersionDate "2018.11.04"]
[SourceQuality "1"]
[WhiteTeam "Kotka KymS"]
[BlackTeam "Espoo MatSK"]
[WhiteTeamCountry "FIN"]
[BlackTeamCountry "FIN"]

1. d4 Nf6 2. c4 e6 3. Nc3 Bb4 4. Qc2 c5 5. dxc5 0-0 6. Nf3 Na6 7. e3 Nxc5 8. Be2 Nce4 9. Bd2 Nxd2 10. Nxd2 d5 11. a3 Be7 12. 0-0 b6 13. cxd5 exd5 14. Nb3 Bb7 15. Nd4 Rc8 16. Qb3 Bc5 17. Rfd1 Qe7 18. a4 Rfd8 19. a5 bxa5 20. Rxa5 Bb6 21. Raa1 Ne4 22. Nf5 Qe6 23. Nxd5 Kh8 24. Nfe7 Rb8 25. Bf3 Bc5 26. Qc4 Bxe7 27. Qxe4 Bxd5 28. Rxd5 Rxd5 29. Qxd5 Qxd5 30. Bxd5 Rxb2 31. Bxf7 a5 32. g3 Bb4 33. h4 g6 34. Kg2 Kg7 35. Ra2 Rxa2 36. Bxa2 h5 37. Kf3 a4 38. g4 hxg4+ 39. Kxg4 Be1 40. f4 a3 41. e4 Bd2 42. e5 Bb4 43. h5 gxh5+ 44. Kxh5 Bc3 45. Kg4 Bd4 46. Kf5 Be3 47. Ke4 Bd2 48. f5 Kf8 49. Kd5 Bc3 50. Ke6 Bd4 51. f6 Bc3 52. Kf5 Ba5 53. Bb3 Bc3 54. e6 Bb4 55. Ke4 Bc5 56. Kd5 Bb4 57. Kc6 Ke8 58. Kc7 a2 59. Bxa2 Bc3 60. f7+ 1/2-1/2

[Event "FIN-chT 1819"]
[Site "Finland"]
[Date "2018.12.08"]
[Round "5.5"]
[White "Ebeling, Mika"]
[Black "Saastamoinen, Aarne"]
[Result "1-0"]
[WhiteElo "2237"]
[BlackElo "2073"]
[PlyCount "51"]
[EventDate "2018.09.15"]
[EventType "team-tourn"]
[EventRounds "11"]
[EventCountry "FIN"]
[SourceTitle "CBM 187 Extra"]
[Source "ChessBase"]
[SourceDate "2018.11.04"]
[SourceVersion "1"]
[SourceVersionDate "2018.11.04"]
[SourceQuality "1"]
[WhiteTeam "Espoo MatSK"]
[BlackTeam "Joensuu SK"]
[WhiteTeamCountry "FIN"]
[BlackTeamCountry "FIN"]

1. e4 c5 2. Nf3 Nc6 3. Bb5 g6 4. c3 Bg7 5. d4 cxd4 6. cxd4 Qb6 7. Nc3 Nxd4 8. Nd5 Nxf3+ 9. Qxf3 Qd8 10. Bf4 e5 11. Bd2 a6 12. Rc1 axb5 13. Nc7+ Kf8 14. Nxa8 d6 15. Nc7 Ne7 16. Nxb5 Nc6 17. 0-0 Kg8 18. Rfd1 Bf8 19. Be3 h5 20. h3 Be6 21. Bc5 Qh4 22. Nxd6 Nd4 23. Bxd4 Bxd6 24. Bc3 Bg4 25. Qd3 Bxd1 26. Qxd6 1-0

[Event "FIN-chT1A 1718"]
[Site "Finland"]
[Date "2017.12.03"]
[Round "5.2"]
[White "Innala, Heikki Pekka"]
[Black "Ebeling, Mika"]
[Result "1/2-1/2"]
[WhiteElo "2234"]
[BlackElo "2225"]
[PlyCount "34"]
[EventDate "2017.09.16"]
[EventType "team-tourn"]
[EventRounds "7"]
[EventCountry "FIN"]
[SourceTitle "EXT 2020"]
[Source "ChessBase"]
[SourceDate "2019.10.17"]
[SourceVersion "1"]
[SourceVersionDate "2019.10.17"]
[SourceQuality "1"]
[WhiteTeam "Akaa"]
[BlackTeam "Espoo MatSK II"]
[WhiteTeamCountry "FIN"]
[BlackTeamCountry "FIN"]

1. e4 e5 2. Nf3 Nc6 3. Bb5 a6 4. Ba4 Nf6 5. 0-0 Be7 6. Re1 b5 7. Bb3 d6 8. h3 Na5 9. c3 Nxb3 10. axb3 Bb7 11. d3 0-0 12. b4 Re8 13. Nbd2 h6 14. Nb3 Rc8 15. Na5 Ba8 16. Nb3 Bb7 17. Na5 Ba8 1/2-1/2

[Event "Heart of Finland op 27th"]
[Site "Jyvaskyla"]
[Date "2017.07.22"]
[Round "8"]
[White "Virtanen, Teemu"]
[Black "Ebeling, Mika"]
[Result "1-0"]
[WhiteElo "2272"]
[BlackElo "2216"]
[PlyCount "65"]
[EventDate "2017.07.17"]
[EventType "swiss"]
[EventRounds "9"]
[EventCountry "FIN"]
[SourceTitle "CBM 179 Extra"]
[Source "ChessBase"]
[SourceDate "2017.08.23"]
[SourceVersion "1"]
[SourceVersionDate "2017.08.23"]
[SourceQuality "1"]

1. c4 e5 2. Nc3 Nc6 3. g3 Bc5 4. Bg2 d6 5. e3 Bf5 6. a3 a5 7. Nge2 Bb6 8. d4 Nf6 9. h3 h6 10. 0-0 Qd7 11. Kh2 0-0 12. b3 Rae8 13. Nd5 Nxd5 14. cxd5 Ne7 15. dxe5 dxe5 16. Bb2 Nc8 17. Nc3 Nd6 18. Rc1 Ba7 19. Na4 b5 20. Nc5 Qe7 21. Nd3 f6 22. Qe2 Rb8 23. e4 Bc8 24. f4 Nf7 25. fxe5 Nxe5 26. Nxe5 fxe5 27. Rxf8+ Kxf8 28. Qh5 Bd4 29. Bxd4 exd4 30. d6 Qxd6 31. Rf1+ Kg8 32. Qe8+ Kh7 33. Rf8 1-0

[Event "FIN-chT1B 1617"]
[Site "Finland"]
[Date "2017.01.14"]
[Round "5.2"]
[White "Ebeling, Mika"]
[Black "Tumanov, Dmitri"]
[Result "1/2-1/2"]
[WhiteElo "2213"]
[BlackElo "2139"]
[PlyCount "57"]
[EventDate "2016.09.17"]
[EventType "team-tourn"]
[EventRounds "7"]
[EventCountry "FIN"]
[SourceTitle "EXT 2019"]
[Source "ChessBase"]
[SourceDate "2018.10.10"]
[SourceVersion "1"]
[SourceVersionDate "2018.10.10"]
[SourceQuality "1"]
[WhiteTeam "Espoo MatSK II"]
[BlackTeam "Vantaa Remi"]
[WhiteTeamCountry "FIN"]
[BlackTeamCountry "FIN"]

1. e4 c5 2. Nf3 Nf6 3. Nc3 Nc6 4. d4 d5 5. exd5 Nxd5 6. dxc5 Nxc3 7. Qxd8+ Kxd8 8. bxc3 f6 9. Be3 e5 10. 0-0-0+ Kc7 11. Nd2 Be6 12. Nb3 Be7 13. Be2 Rad8 14. Rxd8 Rxd8 15. Rd1 g5 16. Rxd8 Nxd8 17. g4 Nc6 18. f3 h6 19. Kd2 Bd5 20. c4 Bf7 21. Kc3 h5 22. h3 h4 23. Bd3 Nd8 24. Be4 Be8 25. Nc1 Bc6 26. Bd5 Be8 27. Be4 Bc6 28. Bd5 Be8 29. Be4 1/2-1/2

[Event "Heart of Finland op 26th"]
[Site "Jyvaskyla"]
[Date "2016.07.24"]
[Round "9"]
[White "Marjusaari, Eero"]
[Black "Ebeling, Mika"]
[Result "1/2-1/2"]
[WhiteElo "2072"]
[BlackElo "2225"]
[PlyCount "115"]
[EventDate "2016.07.18"]
[EventType "swiss"]
[EventRounds "9"]
[EventCountry "FIN"]
[SourceTitle "CBM 173 Extra"]
[Source "ChessBase"]
[SourceDate "2016.08.29"]
[SourceVersion "1"]
[SourceVersionDate "2016.08.29"]
[SourceQuality "1"]

1. e4 e5 2. Nf3 Nc6 3. Bc4 Nf6 4. d4 exd4 5. e5 d5 6. Bb5 Ne4 7. Nxd4 Bd7 8. Bxc6 bxc6 9. 0-0 Bc5 10. f3 Ng5 11. f4 Ne4 12. Be3 Qe7 13. Nc3 Nxc3 14. bxc3 0-0 15. Re1 Bb6 16. a4 a5 17. Qf3 Rfe8 18. Bf2 Bxd4 19. cxd4 Bf5 20. c4 Qe6 21. cxd5 cxd5 22. Rec1 Be4 23. Qc3 Reb8 24. Ra2 Rb4 25. Qxc7 Rc4 26. Rxc4 dxc4 27. Rb2 h5 28. h3 Rc8 29. Rb8 Rxb8 30. Qxb8+ Kh7 31. Qb2 Qc6 32. Be1 Qxa4 33. Qc3 Qa2 34. Qd2 Qa1 35. Qc3 Qd1 36. Qd2 Qxd2 37. Bxd2 a4 38. Kf2 h4 39. g3 a3 40. g4 Kg8 41. Bc3 g6 42. Ke3 Bg2 43. Kf2 Bxh3 44. Kf3 a2 45. d5 Kf8 46. Bb2 Ke8 47. Bc3 Bf1 48. f5 Bd3 49. f6 h3 50. Kg3 Be4 51. e6 Bxd5 52. e7 Bg2 53. g5 Kd7 54. Kh2 Ke8 55. Kg3 Kd7 56. Kh2 Bc6 57. Kxh3 Kd6 58. Kg4 1/2-1/2

[Event "FIN-chT1B 1516"]
[Site "Finland"]
[Date "2016.02.06"]
[Round "6.2"]
[White "Ebeling, Mika"]
[Black "Syvalahti, Heikki"]
[Result "1/2-1/2"]
[WhiteElo "2230"]
[BlackElo "2038"]
[PlyCount "70"]
[EventDate "2015.09.12"]
[EventType "team-tourn"]
[EventRounds "8"]
[EventCountry "FIN"]
[SourceTitle "EXT 2017"]
[Source "ChessBase"]
[SourceDate "2016.10.25"]
[SourceVersion "1"]
[SourceVersionDate "2016.10.25"]
[SourceQuality "1"]
[WhiteTeam "Espoo MatSK II"]
[BlackTeam "Karjaa KarjUra"]
[WhiteTeamCountry "FIN"]
[BlackTeamCountry "FIN"]

1. e4 d5 2. exd5 Qxd5 3. Nc3 Qa5 4. d4 Nf6 5. Nf3 c6 6. Bd3 Bg4 7. 0-0 e6 8. Rb1 Bd6 9. h3 Bh5 10. a3 0-0 11. b4 Qc7 12. Ne4 Nxe4 13. Bxe4 Bg6 14. Bxg6 hxg6 15. c4 Nd7 16. Re1 Rfe8 17. Bb2 a5 18. Qb3 axb4 19. axb4 Be7 20. d5 exd5 21. cxd5 cxd5 22. Qxd5 Nf6 23. Qb3 Bd6 24. Bd4 Rxe1+ 25. Rxe1 Re8 26. Bxf6 Rxe1+ 27. Nxe1 gxf6 28. Nd3 b5 29. Qd5 Qb8 30. Kf1 Kf8 31. h4 Be7 32. g3 Kg7 33. Kg2 Bf8 34. Kh2 Qe8 35. Kg2 Qb8 1/2-1/2

[Event "FIN-chT 1516"]
[Site "Finland"]
[Date "2015.10.10"]
[Round "3.8"]
[White "Byggmastar, Lars"]
[Black "Ebeling, Mika"]
[Result "1/2-1/2"]
[WhiteElo "2174"]
[BlackElo "2230"]
[PlyCount "89"]
[EventDate "2015.09.12"]
[EventType "team-tourn"]
[EventRounds "11"]
[EventCountry "FIN"]
[SourceTitle "EXT 2017"]
[Source "ChessBase"]
[SourceDate "2016.10.25"]
[SourceVersion "1"]
[SourceVersionDate "2016.10.25"]
[SourceQuality "1"]
[WhiteTeam "Turku TuTS"]
[BlackTeam "Espoo MatSK"]
[WhiteTeamCountry "FIN"]
[BlackTeamCountry "FIN"]

1. d4 Nf6 2. c4 e6 3. Nc3 Bb4 4. f3 c5 5. a3 Bxc3+ 6. bxc3 d5 7. e3 0-0 8. Bd3 Qc7 9. Qc2 Bd7 10. cxd5 exd5 11. Ne2 Re8 12. 0-0 Nc6 13. Ng3 Rac8 14. Bd2 Na5 15. Rae1 c4 16. Bf5 Nb3 17. e4 Bxf5 18. Nxf5 dxe4 19. Bg5 exf3 20. Bxf6 gxf6 21. Rxe8+ Rxe8 22. Rxf3 Kh8 23. Rh3 Qf4 24. Ne3 h6 25. Rf3 Qxf3 26. gxf3 Rxe3 27. Qf5 Rxc3 28. Qxf6+ Kg8 29. d5 Rd3 30. Qf5 b5 31. Qd7 c3 32. Qc8+ Kg7 33. d6 Rxd6 34. Qxc3+ Nd4 35. Kf2 a6 36. Qc5 Rd8 37. Qb6 Ne6 38. Qxa6 Rd5 39. Qc6 Rf5 40. Qc3+ Kg6 41. h4 Nc5 42. Kg3 Ne6 43. Qd3 Kf6 44. Qc3+ Kg6 45. Qd3 1/2-1/2

[Event "FIN-chT 1516"]
[Site "Finland"]
[Date "2015.09.13"]
[Round "2.8"]
[White "Ebeling, Mika"]
[Black "Makinen, Ilkka"]
[Result "1/2-1/2"]
[WhiteElo "2230"]
[BlackElo "2118"]
[PlyCount "109"]
[EventDate "2015.09.12"]
[EventType "team-tourn"]
[EventRounds "11"]
[EventCountry "FIN"]
[SourceTitle "EXT 2016"]
[Source "ChessBase"]
[SourceDate "2015.10.08"]
[SourceVersion "1"]
[SourceVersionDate "2015.10.08"]
[SourceQuality "1"]
[WhiteTeam "Espoo MatSK"]
[BlackTeam "Helsinki HSK"]
[WhiteTeamCountry "FIN"]
[BlackTeamCountry "FIN"]

1. e4 g6 2. d4 Bg7 3. Nc3 d6 4. Be3 Nd7 5. Qd2 e5 6. Nf3 c6 7. 0-0-0 Qe7 8. d5 c5 9. Nb5 Ndf6 10. Qa5 b6 11. Qa4 Kf8 12. h3 h5 13. Nc3 Ne8 14. Qb3 Bh6 15. Bd3 Kg7 16. Rdf1 Ngf6 17. Nd2 Bxe3 18. fxe3 h4 19. Rf3 Nh5 20. Rhf1 Rf8 21. Bb5 Nc7 22. R1f2 a6 23. Bc6 Rb8 24. a4 Bd7 25. Nc4 b5 26. Na5 Ng3 27. Bxd7 Qxd7 28. Nc6 Ra8 29. a5 b4 30. Na4 Nxe4 31. Nb6 Qe8 32. Nxa8 Nxa8 33. Rf1 Nc7 34. Qc4 f5 35. Rd1 Rh8 36. Kb1 Rh5 37. Kc1 Rg5 38. b3 Nb5 39. Rg1 Qc8 40. Rff1 Rg3 41. Rf3 Rg5 42. Nxb4 Qd8 43. Nc6 Qf6 44. Qxe4 fxe4 45. Rxf6 Kxf6 46. c4 Nc7 47. Rf1+ Rf5 48. Rxf5+ gxf5 49. Kd2 f4 50. Ke2 Kf7 51. b4 cxb4 52. Nxb4 Ke7 53. Na2 Ne8 54. Nb4 Nc7 55. Na2 1/2-1/2

[Event "FIN-chT 1415"]
[Site "Finland"]
[Date "2015.03.14"]
[Round "10.2"]
[White "Sipila, Vilka"]
[Black "Ebeling, Mika"]
[Result "1/2-1/2"]
[WhiteElo "2415"]
[BlackElo "2219"]
[PlyCount "63"]
[EventDate "2014.09.27"]
[EventType "team-tourn"]
[EventRounds "11"]
[EventCountry "FIN"]
[SourceTitle "EXT 2016"]
[Source "ChessBase"]
[SourceDate "2015.10.08"]
[SourceVersion "1"]
[SourceVersionDate "2015.10.08"]
[SourceQuality "1"]
[WhiteTeam "Turku TuTS"]
[BlackTeam "Espoo MatSK II"]
[WhiteTeamCountry "FIN"]
[BlackTeamCountry "FIN"]

1. d4 Nf6 2. c4 e6 3. Nf3 b6 4. g3 Bb7 5. Bg2 Be7 6. 0-0 0-0 7. Nc3 Ne4 8. Nb1 d5 9. Ne5 c5 10. e3 Nc6 11. Nxc6 Bxc6 12. b3 Rc8 13. Bb2 Bf6 14. cxd5 exd5 15. Qe2 cxd4 16. exd4 Re8 17. Qd1 Qd7 18. Na3 Qf5 19. Nc2 Ng5 20. Ne3 Nh3+ 21. Bxh3 Qxh3 22. Qf3 Qe6 23. Rac1 Bg5 24. Rc3 Bxe3 25. Rxe3 Qd7 26. Rfe1 Rxe3 27. Rxe3 Re8 28. h4 Rxe3 29. Qxe3 Qe8 30. Qf4 h6 31. Qc7 Qd7 32. Qxd7 1/2-1/2

[Event "FIN-chT 1415"]
[Site "Finland"]
[Date "2015.02.07"]
[Round "7.2"]
[White "Ebeling, Mika"]
[Black "Sepp, Olav"]
[Result "1/2-1/2"]
[WhiteElo "2219"]
[BlackElo "2417"]
[PlyCount "94"]
[EventDate "2014.09.27"]
[EventType "team-tourn"]
[EventRounds "11"]
[EventCountry "FIN"]
[SourceTitle "EXT 2016"]
[Source "ChessBase"]
[SourceDate "2015.10.08"]
[SourceVersion "1"]
[SourceVersionDate "2015.10.08"]
[SourceQuality "1"]
[WhiteTeam "Espoo MatSK II"]
[BlackTeam "Vantaa EtVaS"]
[WhiteTeamCountry "FIN"]
[BlackTeamCountry "FIN"]

1. e4 e5 2. Nf3 Nc6 3. Bb5 Nf6 4. d3 d6 5. 0-0 Be7 6. d4 0-0 7. Nc3 Bg4 8. Bxc6 bxc6 9. dxe5 Bxf3 10. Qxf3 dxe5 11. Rd1 Qc8 12. Bg5 Qe6 13. Bxf6 Bxf6 14. Rd3 g6 15. Rad1 Be7 16. Qe3 f5 17. b3 Rf7 18. Na4 fxe4 19. Qxe4 Raf8 20. f3 Rf4 21. Qe3 e4 22. Rd4 Bg5 23. Nc5 Qe5 24. Nd7 Rxf3 25. Qxf3 Qxd4+ 26. Rxd4 exf3 27. Nxf8 Be3+ 28. Kf1 fxg2+ 29. Kxg2 Bxd4 30. Ne6 Bb6 31. c4 c5 32. Kf3 Kf7 33. Ng5+ Kg7 34. Ke4 c6 35. Nf3 Bc7 36. Ne5 Bxe5 37. Kxe5 g5 38. Kd6 g4 39. Kxc5 h5 40. Kd4 Kf6 41. b4 Kf5 42. Ke3 Ke5 43. a4 h4 44. a5 g3 45. hxg3 hxg3 46. b5 cxb5 47. cxb5 Kd5 1/2-1/2

[Event "FIN Team Cup"]
[Site "Finland"]
[Date "2014.08.23"]
[Round "4.5"]
[White "Ebeling, Mika"]
[Black "Mertanen, Janne"]
[Result "1-0"]
[WhiteElo "2365"]
[BlackElo "2298"]
[PlyCount "89"]
[EventDate "2014.03.29"]
[EventType "team-k.o."]
[EventRounds "6"]
[EventCountry "FIN"]
[SourceTitle "EXT 2022"]
[Source "ChessBase"]
[SourceDate "2021.10.06"]
[SourceVersion "1"]
[SourceVersionDate "2021.10.06"]
[SourceQuality "1"]
[WhiteTeam "Espoo MatSK"]
[BlackTeam "Tampere Tammer"]
[WhiteTeamCountry "FIN"]
[BlackTeamCountry "FIN"]

1. e4 Nc6 2. d4 d5 3. exd5 Qxd5 4. Nf3 Bg4 5. Nc3 Qh5 6. d5 0-0-0 7. Be2 Nf6 8. Ng5 Nb4 9. Bxg4+ Qxg4 10. Qxg4+ Nxg4 11. Nxf7 Nxc2+ 12. Kd2 Nxa1 13. Nxh8 e6 14. f3 Ne5 15. Re1 Bd6 16. f4 Nc4+ 17. Kd3 Rxh8 18. Kxc4 exd5+ 19. Nxd5 c6 20. Ne7+ Kc7 21. Nf5 b5+ 22. Kd3 Rd8 23. Nxd6 Rxd6+ 24. Kc3 b4+ 25. Kc4 Rd4+ 26. Kxd4 Nc2+ 27. Ke4 Nxe1 28. g4 c5 29. Bd2 Nc2 30. Kd3 Nd4 31. Bxb4 Kd6 32. Bc3 Nf3 33. h3 g6 34. Ke4 Ng1 35. h4 Ne2 36. f5 gxf5+ 37. Kxf5 Ng3+ 38. Kf4 Ne2+ 39. Ke4 Ke6 40. g5 a6 41. Be5 Nc1 42. a3 Nb3 43. Bc3 Nc1 44. h5 Ne2 45. Be5 1-0

[Event "Heart of Finland op 24th"]
[Site "Jyvaskyla"]
[Date "2014.07.10"]
[Round "5"]
[White "Ebeling, Mika"]
[Black "Eloranta, Kari"]
[Result "1-0"]
[WhiteElo "2249"]
[BlackElo "2043"]
[PlyCount "67"]
[EventDate "2014.07.07"]
[EventType "swiss"]
[EventRounds "9"]
[EventCountry "FIN"]
[SourceTitle "EXT 2019"]
[Source "ChessBase"]
[SourceDate "2018.10.10"]
[SourceVersion "1"]
[SourceVersionDate "2018.10.10"]
[SourceQuality "1"]

1. e4 c5 2. Nf3 Nc6 3. Bb5 Nf6 4. e5 Nd5 5. Nc3 Nc7 6. Bxc6 dxc6 7. 0-0 g6 8. Re1 Bg7 9. Ne4 Ne6 10. d3 Qc7 11. Bd2 Bd7 12. Bc3 h6 13. Nd6+ Kf8 14. Ne4 b6 15. Qd2 Nd4 16. Nxd4 cxd4 17. Bxd4 Bxe5 18. Bxe5 Qxe5 19. d4 Qb5 20. b3 Kg7 21. Ng3 Rhe8 22. Re5 Qa6 23. Qc3 Kh7 24. a4 Qb7 25. Rae1 Be6 26. h4 Qd7 27. h5 g5 28. Qd3+ Kh8 29. Rxe6 fxe6 30. Qg6 Qxd4 31. Qxh6+ Kg8 32. Rxe6 Red8 33. Qxg5+ Kf8 34. Qxe7+ 1-0

[Event "FIN-chT1 East 1314"]
[Site "Finland"]
[Date "2014.03.08"]
[Round "7.1"]
[White "Ebeling, Mika"]
[Black "Yrjola, Jouni"]
[Result "1/2-1/2"]
[WhiteElo "2278"]
[BlackElo "2364"]
[PlyCount "32"]
[EventDate "2013.09.21"]
[EventType "team-tourn"]
[EventRounds "9"]
[EventCountry "FIN"]
[SourceTitle "EXT 2022"]
[Source "ChessBase"]
[SourceDate "2021.10.06"]
[SourceVersion "1"]
[SourceVersionDate "2021.10.06"]
[SourceQuality "1"]
[WhiteTeam "Espoo MatSK II"]
[BlackTeam "Helsinki KS 58"]
[WhiteTeamCountry "FIN"]
[BlackTeamCountry "FIN"]

1. e4 g6 2. d4 Bg7 3. Nc3 d6 4. Nf3 Nf6 5. Be2 0-0 6. 0-0 c6 7. h3 Nbd7 8. Bf4 Qa5 9. a3 Rd8 10. b4 Qc7 11. Qd2 e5 12. Bh6 Nf8 13. Bxg7 Kxg7 14. dxe5 dxe5 15. Qg5 Re8 16. Bd3 N8d7 1/2-1/2